<?xml version="1.0" encoding="UTF-8"?>
<record
    xmlns:xsi="http://www.w3.org/2001/XMLSchema-instance"
    xsi:schemaLocation="http://www.loc.gov/MARC21/slim http://www.loc.gov/standards/marcxml/schema/MARC21slim.xsd"
    xmlns="http://www.loc.gov/MARC21/slim">

  <leader>00885nam a2200205   4500</leader>
  <controlfield tag="003">LK-CoMWRAF</controlfield>
  <controlfield tag="005">20240119213825.0</controlfield>
  <controlfield tag="008">231213b        |||||||| |||| 00| 0 eng d</controlfield>
  <datafield tag="020" ind1=" " ind2=" ">
    <subfield code="a">955905256X</subfield>
  </datafield>
  <datafield tag="040" ind1=" " ind2=" ">
    <subfield code="a">LK-CoMWRAF</subfield>
    <subfield code="d">LK-CoMWRAF</subfield>
    <subfield code="e">LK-CoMWRAF</subfield>
  </datafield>
  <datafield tag="041" ind1=" " ind2=" ">
    <subfield code="a">sin</subfield>
  </datafield>
  <datafield tag="082" ind1=" " ind2=" ">
    <subfield code="a">323.095</subfield>
    <subfield code="b">PUD</subfield>
  </datafield>
  <datafield tag="245" ind1=" " ind2=" ">
    <subfield code="a">&#xDB4;&#xDD4;&#xDAF;&#xDCA;&#xD9C;&#xDBD; &#xDC4;&#xDCF; &#xDAF;&#xDDA;&#xDB4;&#xDBD; &#xD86;&#xDBB;&#xD9A;&#xDCA;&#xDC2;&#xDCF;&#xDC0;&#xDA7; &#xD87;&#xDAD;&#xDD2; &#xD85;&#xDBA;&#xDD2;&#xDAD;&#xDD3;&#xDB1;&#xDCA;</subfield>
  </datafield>
  <datafield tag="246" ind1=" " ind2=" ">
    <subfield code="a">pudgala ha depala arakshawata athi aitheen</subfield>
  </datafield>
  <datafield tag="260" ind1=" " ind2=" ">
    <subfield code="a">&#xD9A;&#xDDC;&#xDC5;&#xDB9; : </subfield>
    <subfield code="b">&#xD91;&#xD9A;&#xDCA;&#xDC3;&#xDAD;&#xDCA; &#xDA2;&#xDCF;&#xDAD;&#xDD3;&#xDB1;&#xDCA;&#xD9C;&#xDDA; &#xDA2;&#xDB1;&#xD9C;&#xDC4;&#xDB1; &#xD85;&#xDBB;&#xDB8;&#xDD4;&#xDAF;&#xDBD;,</subfield>
  </datafield>
  <datafield tag="650" ind1=" " ind2=" ">
    <subfield code="a">&#xDB4;&#xDD4;&#xDAF;&#xDCA;&#xD9C;&#xDBD; &#xDC4;&#xDCF; &#xDAF;&#xDDA;&#xDB4;&#xDBD; &#xD86;&#xDBB;&#xD9A;&#xDCA;&#xDC2;&#xDCF;&#xDC0;&#xDA7; &#xD87;&#xDAD;&#xDD2; &#xD85;&#xDBA;&#xDD2;&#xDAD;&#xDD3;&#xDB1;&#xDCA;</subfield>
  </datafield>
  <datafield tag="700" ind1=" " ind2=" ">
    <subfield code="a">&#xDC0;&#xDD2;&#xDA2;&#xDBA;&#xDAD;&#xDD2;&#xDBD;&#xD9A;. &#xD9A;&#xDB8;&#xDBD;&#xDD2;&#xDB1;&#xDD3; </subfield>
    <subfield code="e">ed.</subfield>
    <subfield code="y">Wijayathilake, Kamalini</subfield>
  </datafield>
  <datafield tag="700" ind1=" " ind2=" ">
    <subfield code="a">&#xDC0;&#xDD9;&#xDAD;&#xDCA;&#xDAD;&#xDC3;&#xDD2;&#xD82;&#xDC4;. &#xDC3;&#xDD2;&#xDB6;&#xDD2;&#xDBD;&#xDCA;</subfield>
    <subfield code="e">ills.</subfield>
    <subfield code="y">Weththasinghe, Sybil</subfield>
  </datafield>
  <datafield tag="942" ind1=" " ind2=" ">
    <subfield code="c">BK</subfield>
  </datafield>
  <datafield tag="952" ind1=" " ind2=" ">
    <subfield code="0">0</subfield>
    <subfield code="1">0</subfield>
    <subfield code="4">0</subfield>
    <subfield code="7">0</subfield>
    <subfield code="a">MAIN</subfield>
    <subfield code="b">MAIN</subfield>
    <subfield code="d">2023-12-13</subfield>
    <subfield code="l">0</subfield>
    <subfield code="o">323.095 PUD</subfield>
    <subfield code="p">RAF3450</subfield>
    <subfield code="r">2023-12-13</subfield>
    <subfield code="w">2023-12-13</subfield>
    <subfield code="y">BK</subfield>
  </datafield>
  <datafield tag="952" ind1=" " ind2=" ">
    <subfield code="0">0</subfield>
    <subfield code="1">0</subfield>
    <subfield code="4">0</subfield>
    <subfield code="7">0</subfield>
    <subfield code="a">MAIN</subfield>
    <subfield code="b">MAIN</subfield>
    <subfield code="d">2023-12-13</subfield>
    <subfield code="l">0</subfield>
    <subfield code="o">323.095 PUD</subfield>
    <subfield code="p">RAF3451</subfield>
    <subfield code="r">2023-12-13</subfield>
    <subfield code="w">2023-12-13</subfield>
    <subfield code="y">BK</subfield>
  </datafield>
  <datafield tag="999" ind1=" " ind2=" ">
    <subfield code="c">4385</subfield>
    <subfield code="d">4385</subfield>
  </datafield>
</record>
